Lecciones y lecturas de educación : maestría en educación, Universidad Pedagógica Nacional /
Colección de artículos que reflexionan sobre la importancia de la resignificación teórico-práctica de la enseñanza universitaria en Colombia. En la obra se analizan temas como la competitividad escolar, el rol del profesor, el magisterio, la sociedad como educadora, políticas educativas, evaluación...
Uloženo v:
| Další autoři: | |
|---|---|
| Médium: | Kniha |
| Jazyk: | španělština |
| Vydáno: |
Bogotá, Colombia :
Universidad Pedagógica Nacional,
2003, c2003
|
| Témata: | |
| Tagy: |
Žádné tagy, Buďte první, kdo vytvoří štítek k tomuto záznamu!
|
MARC
| LEADER | 00000nam^a2200000^a^4500 | ||
|---|---|---|---|
| 001 | 000168819 | ||
| 005 | 20250521000000.0 | ||
| 009 | 20260310101215.294 | ||
| 020 | |a 958-8226-01-5 | ||
| 037 | |a Acervo ITESO - Biblioteca | ||
| 041 | |a ESP | ||
| 082 | |a 378. 861 |b LEC | ||
| 245 | 0 | 0 | |a Lecciones y lecturas de educación : |b maestría en educación, Universidad Pedagógica Nacional / |c Alberto Martínez Boom... [et al.] ; pról. de Gerardo Andrés Perafán Echeverri. |
| 264 | 4 | |a Bogotá, Colombia : |b Universidad Pedagógica Nacional, |c 2003, c2003 | |
| 300 | |a 279 p. | ||
| 336 | |a texto |b txt |2 rdacontenido | ||
| 337 | |a sin mediación |b n |2 rdamedio | ||
| 338 | |a volumen |b nc |2 rdasoporte | ||
| 520 | |a Colección de artículos que reflexionan sobre la importancia de la resignificación teórico-práctica de la enseñanza universitaria en Colombia. En la obra se analizan temas como la competitividad escolar, el rol del profesor, el magisterio, la sociedad como educadora, políticas educativas, evaluación educativa, propuestas curriculares para la educación de jóvenes y adultos, entre otras tamáticas. El presente texto aporta avances y propuestas para el debate nacional de la educación, la responsabilidad social de las universidades y el patrimonio pedagógico de las instituciones. | ||
| 649 | |a XX | ||
| 650 | |a Calidad de la Educación | ||
| 650 | |a Proceso Educativo | ||
| 650 | |a Docencia | ||
| 650 | |a Currículo | ||
| 650 | |a Recursos Educacionales | ||
| 650 | |a Evaluación Educativa | ||
| 650 | |a Universidades Públicas - |z Colombia | ||
| 650 | |a Universidades - |z Colombia | ||
| 650 | |a Educación de Adultos - |z Colombia | ||
| 650 | |a Educación Superior - |z Colombia - |x Aspectos Sociales y Culturales | ||
| 650 | |a Política Educativa - |z Colombia | ||
| 650 | |a Educación - |z Colombia | ||
| 650 | |a Educación y Política - |z Colombia | ||
| 650 | |a Educación y Sociedad | ||
| 650 | |a Educación | ||
| 700 | |a Martínez Boom, Alberto |e (autor) | ||
| 910 | |a Fondo General | ||
| 920 | |a Impresos - Libros | ||
| 930 | |a Colección General | ||
| 905 | |a 101 | ||
| 901 | |a 0500105545 |b IT1 |c ACC |u 20250521 | ||
| 902 | |a https://opac.biblio.iteso.mx/vufind/Record/000168819 | ||